01613nam a2200277Ia 4500952010500000952010500105999001700210008004100227020001500268050002900283100003000312245005000342250001800392260005700410300003200467490002800499500025100527505033300778519004401111519004401155519004401199650001101243650003401254650004001288942000701328 00104070a04b04d2008-07-24l0oQA76.76.O63 H386 2002p04 001536r2013-05-22t2w2012-06-24yLB 00104070a04b04d2008-07-24l0oQA76.76.O63 H386 2002p04 001539r2013-05-22t3w2012-06-24yLB c62140d62140120625s2002 us r 001 0 eng d a0130619892 4aQA76.76.O63 bH386 20021 aHawkins, Scotte , autor 10aLinux b : desk reference c / Scott Hawkins  a2nd. edition  aUnited States of Americab : Prentice Hall c , 2002 axxi, 583 pages c ; 23 cm. 0 aOpen Source Technology  aOn the front page: "Completely updated with hundreds of new examples! / The only Linux reference with examples for every command / All new chapters on the Apache Web Server, tc shell and Emacs editor / Organized by task, so you can find it fast" 0 aDocumentation System structures Files Process Standard input, outpvt and error Directories Users Paths The bash shell The tc shell Terminal and keyboard Disk File systems Printers and print qveves Daemons Machine information Kernel Manipulating data and text files Displaying files Comparing and merging files  aMaterial Complementario / d(04 001535) aMaterial Complementario / d(04 001536) aMaterial Complementario / d(04 001539) 4aLINUX  4aOPERATING SYSTEMS (COMPUTER)  4aSISTEMAS OPERATIVOS (COMPUTADORAS)  cLB